000 00740nmc a2200277 a 4500
003 AR-BaBNM
005 20251128202837.0
008 146019s1953 ||||||||||||||000 | spa||
040 _cAR-BaBNM
100 1 _aMartel, Julián
_d1867-1896
245 1 0 _aLa bolsa
260 _aBuenos Aires
_bJackson
_c1953
300 1 _axxvi, 273 p.
490 0 _aGrandes Escritores Argentinos
_vv. 49
500 0 _aContiene biografía del autor
650 4 _aLITERATURA ARGENTINA
650 4 _aINMIGRACION EN ARGENTINA
650 4 _aHISTORIA SOCIAL
650 4 _aNOVELAS
650 4 _aREALISMO
655 _aLITERATURA
700 1 _aBonet, Carmelo Meliton
_eprologuista
800 1 _aPalcos, Alfredo
_edirector
942 _cBK
998 _cisola
999 _c852
_d852